000 00441nam a2200193Ia 4500
003 0100
008 130303s9999 xx 000 0 und d
040 _cARRUPELIB
050 _aHC800.H34 2000
245 2 _aA globalizing world ?
245 _bculture, economics, politics
260 _aLondon
260 _bRoutledge
260 _C2000
300 _aviii
300 _b 188p. 24cm
700 _aedited by David Held
942 0 0 _03
999 _c13740
_d13740